Sermón., que en la solemne fiesta, que celebró al humano seraphín llagado, imagen viva de Christo N.P.S. Franco, ...

Detalles Bibliográficos
Autor principal: PIMENTEL, Iván ( Fray )
Formato: Libro
Publicado: México 1683
Materias:
Colección:Banco de datos
Acervo:Biblioteca del Ex Convento de Nuestra Señora de Guadalupe. Zacatecas
Tema general:Homilética
Notas:Buena. XIII,1,1 (4415). Encuadernado con trece obras más
LEADER 00798nam a22001930004500
035 |a 46715 
036 |a 7899 
100 1 |a PIMENTEL, Iván ( Fray ) 
245 1 0 |a Sermón., que en la solemne fiesta, que celebró al humano seraphín llagado, imagen viva de Christo N.P.S. Franco, ... 
260 |a México  |b imp. Viuda de Francisco Rodríguez Lupercio  |c 1683 
500 |a Buena. XIII,1,1 (4415). Encuadernado con trece obras más 
650 1 0 |a Homilética 
949 |a CRZ-CG 
959 |a Ex convento de Nuestra Señora de Guadalupe, Museo Regional de Zacatecas, Zacatecas  |b CCC4 
960 |a Convento de Nuestra Señora de Guadalupe, Zacatecas  |b DD87 
961 |a Franciscana  |b OF 
942 |c CRZ-CG 
943 |g Biblioteca del Ex Convento de Nuestra Señora de Guadalupe. Zacatecas 
999 |c 970842  |d 970842